000 00646nam a2200193Ia 4500
003 GCL
008 140319s9999 xx 000 0 ara d
040 _aGCL /
_cGCL
082 0 4 _aق
_b926.362
_bف ت
100 1 _aفاطمة علم الدين عبدالواحد
245 1 0 _aتاريخ العمال الزراعيين فى مصر (1914 - 1952 ) /
_cفاطمة علم الدين عبدالواحد
300 _a171 ص
490 _aالهيئة العامة للاستعلامات
_v0
650 0 4 _aمصر
650 0 4 _aالعمال الزراعيون
650 0 4 _aمصر - تاريخ
650 0 4 _aالزراعيون
942 _2ddc
_cBK
999 _c51865
_d51865